Quizzes
Events
Quiz Creation
Community
Videos
Private Events
Remove Ads
Sign In
Join for FREE
Feedback
Dark Mode
Quiz Categories
Sports
Geography
Music
Movies
Television
Just For Fun
Miscellaneous
History
Literature
Language
Science
Gaming
Entertainment
Religion
Holiday
For Kids
Quiz Lab
Recent
Popular Today
Quiz Kudos Today
Editor Picks
Curator Picks
Quizzes by...
Day
Popularity
Type
Ratings
Length
Year
Community
Subscriptions
Recent Discussions
Orange Saloon
Badges
Playlists
Quests
Create
Leaderboards
Showdown
Live 5
Trivia Bingo
Activity
Puzzle Library
Sporcle Events
Private Events
Virtual Trivia
Globe League
Become a Host
Pub Owners
SporcleCon
Opinionation
Our Games
Videos
Blog
Mobile Apps
Partnerships
Remove Ads and Go Orange
Feedback
Television
TV Characters
TV Show
Sitcom
Network
Friends
Reality Shows
Cast
South Park
Star Trek
The Simpsons
Doctor Who
Television
TV Characters
TV Show
Sitcom
Network
Friends
Reality Shows
Cast
South Park
Star Trek
The Simpsons
Doctor Who
Random Quiz
Search Sporcle
×
Quiz Lab
Quiz Lab
Television
Role
Type in answers that appear in a list
Type in answers that appear in a list
Classic
Best Score? Go Orange.
Name the characters on MTV's Daria Stats
Can you name the characters on MTV's Daria?
By
kevinryan
5m
31 Questions
702 Plays
702 Plays
702 Plays
Comments
Comments
Give Quiz Kudos
Give Quiz Kudos
-
- Ratings
hide this ad
Replay
Link that replays current quiz
Next Quiz
Link to next quiz in quiz playlist
You Got
0%
They Got
Avg Score
68%
Avg Friend Score
Upgrade to see
Score Distribution
Jump to the score distribution portion of the page
Score
0/31
Timer
05:00
0
Plays Today
Role
Character
% Correct
Sister
Quinn Morgendorffer
98.3%
Lead Character
Daria Morgendorffer
98.3%
Best Friend
Jane Lane
98%
Brother of Friend
Trent Lane
96.2%
Father
Jake Morgendorffer
92%
Cheerleader
Brittany Taylor
90.9%
QB
Kevin Thompson
90.9%
Mother
Helen Morgendorffer
90.5%
Fashion Club
Stacy Rowe
80.5%
Fashion Club
Tiffany Blum-Deckler
79.3%
Lead's Love Interest
Tom Sloane
78.9%
Fashion Club
Sandi Griffin
78.2%
Student Council President
Jodie Landon
78.1%
Football Player
Michael 'Mack' Jordan MacKenzie
77.9%
Boyfriend Trio
Jamie
75.9%
Boyfriend Trio
Jeffy
72.5%
Role
Character
% Correct
Boyfriend Trio
Joey
71.1%
Principal
Ms. Angela Li
70.9%
Flirt /
Player
Charles 'Upchuck' Ruttheimer III
69.1%
History Teacher
Mr. Anthony DeMartino
67.9%
Gothic Chick
Andrea
65.5%
English Teacher
Mr. Timothy O'Neill
61.7%
Aunt of Lead
Amy Barksdale
61.4%
Science Teacher
Ms. Janet Barch
56.3%
Mystik Spiral
Jesse Moreno
54.4%
Aunt of Lead
Rita Barksdale
49.9%
Art Teacher
Ms. Claire Defoe
29.9%
Mystik Spiral
Max Tyler
28.1%
Mystik Spiral
Nick Campbell
25.9%
Economics Teacher
Mrs. Diane Bennett
22.8%
School Psychologist
Ms. Margaret Manson
16.4%
Quiz Playlist
Details
Report
Send in Message
Add To Playlist
Classic:
Type in answers that appear in a list
Quiz Source
Last Updated: Feb 16, 2017
Quiz Scoreboard
CHALLENGE
Sign Up to Join the Scoreboard
Show All
Scores
Hide
Comments
May contain spoilers
Recently Published
Popular People in 1961
by mucciniale
History
6m
1-10 Letter E Words III
by El_Dandy
Language
2m
One Thing in Common: World Cities II
by knightlancer
Geography
7m
More to Explore
Quiz From the Vault
Featured Blog Post
Where Did the Easter Bunny Come From?
hide this ad
You Might Also Like...
Tags
Role Quiz
Character
daria
MTV
MTV Daria
Today's Top Quizzes in Television
Browse Television
hide this ad
Today's Top Quizzes in Role
Browse Role
Top Contributed Quizzes in Television
1
One Piece Logic Puzzle
2
Survivor Logic Puzzle: Heroes vs. Villains
3
Survivor Seasons
4
Survivor Season by Logo
5
Ultimate Survivor Logic Puzzle
6
Survivor Logic Puzzle: Winners at War
7
Survivor Trivia
8
Survivor Heroes vs. Villains Logic Puzzle
9
All US Survivor Seasons in Order
10
Emmerdale Characters (from August 2012)
Explore More
Trending Topics
Marvel
Disney
Kpop
Crossword
Harry Potter
Anime
NBA
NFL
Song
WWE
Puzzle
Soccer
Country
Pokémon
The Office
hide this ad
More By:
kevinryan
Quiz
Plays
Rating
Category
Featured
Created
Big 4 Champs of the 2000s
37,391
4.62
Sports
Oct 18, 2009
Big 4 U.S. Sports Champs of the 90's
7,934
4.36
Sports
Oct 18, 2009
National League Pennant Winners (since 1901)
5,203
4.90
Sports
Oct 23, 2009
Big Brother U.S. HouseGuests
4,231
4.00
Television
Sep 23, 2009
American League Pennant Winners (since 1901)
1,139
4.36
Sports
Oct 23, 2009
Go to Creator's Profile
Score Distribution
Quiz Creator Spotlight
kevinryan
Follow
Send a Message
Quizzes Created
-
Created Quiz Play Count
-
More By This Creator
Popular Quizzes Today
1
Find the US States - No Outlines Minefield
2
The Countries of the World
3
Popular People in 1961
4
Find the Countries of Europe - No Outlines Minefield
5
1-10 Letter E Words III
6
Find the US States
7
One Thing in Common: World Cities II
8
US States
More Television Quizzes
Crossword - Tinted Screens
Curator's Pick
Trending Quizzes
Country Music Stars Doing Things
Get the Picture: Carrie or Dolly
1-10 Letter F Words
1-10 Letter G Words
Risky Map Clicking: Next State Alphabetically
Recently Updated
Leaping Animals
pecheneg
Reality TV Shows (A-Z)
bhenderson79
Rickey Henderson's Hall of Fame Teammates
pecheneg
Champions League XIs: Arsenal
pecheneg
Quick Pick: Celebrities in WWE's Hall of Fame
aduchscher
A-Z Keypad Blitz II
pecheneg
Multiple Oscar Actors
pecheneg
Mystery Phrase Blitz: Oscar 'Best Actors'
pecheneg
F. Scott Fitzgerald Novels
LTH
Pick 3 Villains
ddd62291
Trending Topics
Anime
Disney
Kpop
Marvel
Crossword
Harry Potter
NBA
Pokémon
WWE
NFL
Soccer
Puzzle
The Office
Song
Country
Your Account Isn't Verified!
In order to create a playlist on Sporcle, you need to verify the email address you used during registration. Go to your
Sporcle Settings
to finish the process.
Report this User
Report this user for behavior that violates our
Community Guidelines
.
Details:
Send Report
Go to the Sporcle.com Mobile Site →
Comments